[Event "World op 34th"]
[Site "Philadelphia"]
[Date "2006.07.01"]
[Round "4"]
[White "Fayvinov, Zakhar"]
[Black "Lamastus Candal, Jean Paul"]
[Result "0-1"]
[WhiteElo "2227"]
[BlackElo "2225"]
[PlyCount "83"]
[EventDate "2006.06.28"]
[EventType "swiss"]
[EventRounds "9"]
[EventCountry "USA"]
[SourceTitle "CBM 112 Extra"]
[Source "ChessBase"]
[SourceDate "2006.07.14"]
[SourceVersion "1"]
[SourceVersionDate "2006.07.14"]
[SourceQuality "1"]

1. Nf3 d5 2. g3 Bg4 3. Bg2 Nd7 4. d4 c6 5. Nbd2 Ngf6 6. c4 e6 7. 0-0 Bd6 8. Re1 0-0 9. e4 dxe4 10. Nxe4 Nxe4 11. Rxe4 Nf6 12. Re1 Bb4 13. Rf1 Qe7 14. Be3 c5 15. Qb3 Bxf3 16. Bxf3 cxd4 17. Bxd4 Bc5 18. Bc3 Bb6 19. a4 Rab8 20. Rad1 Bc5 21. Be5 Rbd8 22. Bc3 b6 23. Qb5 e5 24. Rde1 e4 25. Re2 Qb7 26. Bg2 Bd4 27. Bxd4 Rxd4 28. a5 Qc7 29. a6 Rfd8 30. Qa4 h6 31. Qc2 Qc5 32. Rfe1 Qe5 33. Qc3 Qc5 34. b3 b5 35. Qa5 Rd3 36. Re3 Ng4 37. Rxd3 Qxf2+ 38. Kh1 Ne5 39. Rf1 Qc2 40. Rd2 Qxb3 41. Bxe4 Re8 42. Rd8 0-1

[Event "Olympiad-37"]
[Site "Turin"]
[Date "2006.06.02"]
[Round "11"]
[White "Lamastus Candal, Jean Paul"]
[Black "Shrestha, Bilam Lal"]
[Result "1-0"]
[WhiteElo "2225"]
[BlackElo "2165"]
[PlyCount "145"]
[EventDate "2006.05.21"]
[EventType "team-swiss"]
[EventRounds "13"]
[EventCountry "ITA"]
[SourceTitle "CBM 113"]
[Source "ChessBase"]
[SourceDate "2006.07.31"]
[SourceVersion "1"]
[SourceVersionDate "2006.07.31"]
[SourceQuality "1"]
[WhiteTeam "Puerto Rico"]
[BlackTeam "Nepal"]
[WhiteTeamCountry "PUR"]
[BlackTeamCountry "NEP"]

1. e4 c5 2. Nf3 d6 3. d4 cxd4 4. Nxd4 Nf6 5. Nc3 a6 6. Bg5 e6 7. f4 Be7 8. Qf3 Qc7 9. 0-0-0 Nbd7 10. g4 b5 11. Bxf6 gxf6 12. f5 Nb6 13. fxe6 fxe6 14. g5 fxg5 15. Qh5+ Kd8 16. Bh3 b4 17. Nce2 e5 18. Bxc8 Qxc8 19. Nf5 Qe6 20. Kb1 Nc8 21. Rd3 Ra7 22. Rhd1 Rd7 23. Neg3 Qg6 24. Qe2 h5 25. Ne3 Rh7 26. Nd5 a5 27. Nf5 Bf8 28. c3 Rb7 29. c4 Rhd7 30. Rf1 g4 31. Nd4 Rf7 32. Nf5 Qe6 33. c5 Qd7 34. Rfd1 Qb5 35. cxd6 Rbd7 36. Nc7 Qb6 37. Ne6+ Ke8 38. Ng5 Rf6 39. Rd5 Bxd6 40. Qc4 Rc7 41. Qb3 Qc6 42. Nxd6+ Nxd6 43. Rxd6 Rxd6 44. Qg8+ Ke7 45. Qg7+ Ke8 46. Qxe5+ Kf8 47. Qxd6+ Qxd6 48. Rxd6 Rc4 49. b3 Rc3 50. e5 h4 51. Rh6 Re3 52. Rxh4 Rxe5 53. Rxg4 Re1+ 54. Kc2 Re2+ 55. Kd3 Rxh2 56. Kc4 Rxa2 57. Ne6+ Ke7 58. Nc5 Rc2+ 59. Kb5 Rc3 60. Rc4 Rh3 61. Kxa5 Kd6 62. Kxb4 Kc6 63. Ne6+ Kb6 64. Nf4 Rh6 65. Nd5+ Ka6 66. Ka4 Rd6 67. Rc5 Kb7 68. b4 Rh6 69. Kb5 Rh7 70. Rc7+ Rxc7 71. Nxc7 Kxc7 72. Ka6 Kb8 73. b5 1-0

[Event "Olympiad-37"]
[Site "Turin"]
[Date "2006.05.25"]
[Round "5"]
[White "Weber, Jean Marie"]
[Black "Lamastus Candal, Jean Paul"]
[Result "0-1"]
[WhiteElo "2262"]
[BlackElo "2225"]
[PlyCount "72"]
[EventDate "2006.05.21"]
[EventType "team-swiss"]
[EventRounds "13"]
[EventCountry "ITA"]
[SourceTitle "CBM 113"]
[Source "ChessBase"]
[SourceDate "2006.07.31"]
[SourceVersion "1"]
[SourceVersionDate "2006.07.31"]
[SourceQuality "1"]
[WhiteTeam "Luxembourg"]
[BlackTeam "Puerto Rico"]
[WhiteTeamCountry "LUX"]
[BlackTeamCountry "PUR"]

1. d4 d5 2. c4 c6 3. cxd5 cxd5 4. Nc3 Nf6 5. Bf4 Nc6 6. e3 a6 7. Bd3 Bg4 8. Nge2 e6 9. 0-0 Be7 10. Rc1 0-0 11. f3 Bh5 12. Na4 Nd7 13. a3 Rc8 14. b4 Bg6 15. Bxg6 hxg6 16. Qb3 b5 17. Nc5 Nxc5 18. dxc5 Bg5 19. Bd6 Be7 20. Bg3 Bh4 21. Rfd1 Bxg3 22. hxg3 Qf6 23. Nd4 Ne5 24. a4 bxa4 25. Qxa4 Nc4 26. Qb3 a5 27. e4 axb4 28. exd5 exd5 29. Nc2 Rxc5 30. Qxb4 Rfc8 31. Ne3 Qe5 32. Rd3 Qxg3 33. Nxd5 Ne3 34. Nxe3 Rxc1+ 35. Nd1 R1c2 36. Ne3 Rxg2+ 0-1

[Event "Olympiad-37"]
[Site "Turin"]
[Date "2006.05.24"]
[Round "4"]
[White "Lamastus Candal, Jean Paul"]
[Black "Khatanbaatar, Bazar"]
[Result "0-1"]
[WhiteElo "2225"]
[BlackElo "2433"]
[PlyCount "126"]
[EventDate "2006.05.21"]
[EventType "team-swiss"]
[EventRounds "13"]
[EventCountry "ITA"]
[SourceTitle "CBM 113"]
[Source "ChessBase"]
[SourceDate "2006.07.31"]
[SourceVersion "1"]
[SourceVersionDate "2006.07.31"]
[SourceQuality "1"]
[WhiteTeam "Puerto Rico"]
[BlackTeam "Mongolia"]
[WhiteTeamCountry "PUR"]
[BlackTeamCountry "MGL"]

1. e4 c5 2. Nf3 e6 3. d4 cxd4 4. Nxd4 a6 5. Bd3 Qb6 6. Nb3 Qc7 7. 0-0 Nf6 8. c4 d6 9. Nc3 Nbd7 10. Be3 b6 11. Rc1 Be7 12. Nd4 0-0 13. f3 Bb7 14. Qd2 Rac8 15. Rfd1 Qb8 16. Bf1 Rfe8 17. Kh1 Bf8 18. Qf2 Ba8 19. b3 h6 20. Nde2 b5 21. cxb5 axb5 22. Nd4 b4 23. Na4 d5 24. exd5 Bxd5 25. Nb5 Rxc1 26. Rxc1 Rc8 27. Qd2 Rxc1 28. Qxc1 Qb7 29. Nc5 Nxc5 30. Bxc5 Qc8 31. Be3 Qa8 32. Qd2 Bc6 33. Bf4 Qa6 34. Qe2 Bxb5 35. Qxb5 Qxa2 36. Qd3 Nd5 37. Be5 Bc5 38. Be2 f6 39. Bg3 Ne3 40. h3 Qa1+ 41. Kh2 Nxg2 42. Qd1 Qxd1 43. Bxd1 Ne3 44. Be2 Nf5 45. Be1 Kf7 46. Bd2 Nd4 47. Bd1 g5 48. Kg2 e5 49. Be3 Ne6 50. Bd2 f5 51. Be2 Kf6 52. Bc4 e4 53. fxe4 fxe4 54. Bxe6 Kxe6 55. h4 Kf5 56. Bc1 gxh4 57. Bxh6 Kg4 58. Bd2 h3+ 59. Kh1 Bd6 60. Be3 Kf3 61. Ba7 e3 62. Bd4 Ke4 63. Be5 Kxe5 0-1

[Event "PUR-ch"]
[Site "Caguas"]
[Date "2006.04.02"]
[Round "9"]
[White "Lamastus Candal, Jean Paul"]
[Black "Berrios Echevarria, Gabriel"]
[Result "1/2-1/2"]
[WhiteElo "2151"]
[BlackElo "2032"]
[PlyCount "37"]
[EventDate "2006.03.17"]
[EventType "swiss"]
[EventRounds "9"]
[EventCountry "PUR"]
[SourceTitle "EXT 2008"]
[Source "ChessBase"]
[SourceDate "2007.11.25"]
[SourceVersion "1"]
[SourceVersionDate "2007.11.25"]
[SourceQuality "1"]

1. e4 c5 2. Nf3 Nc6 3. d4 cxd4 4. Nxd4 g6 5. c4 Bg7 6. Be3 Nf6 7. Nc3 Ng4 8. Qxg4 Nxd4 9. Qd1 Ne6 10. Qd2 Qa5 11. Rc1 b6 12. Qd5 Rb8 13. Qxa5 bxa5 14. b3 Bd4 15. Bd2 Bb7 16. f3 Bc6 17. Nd5 a4 18. b4 d6 19. Bd3 1/2-1/2

[Event "PUR-ch"]
[Site "Caguas"]
[Date "2006.03.26"]
[Round "6"]
[White "Santana Alvarado, Miguel"]
[Black "Lamastus Candal, Jean Paul"]
[Result "1/2-1/2"]
[WhiteElo "2343"]
[BlackElo "2151"]
[PlyCount "31"]
[EventDate "2006.03.17"]
[EventType "swiss"]
[EventRounds "9"]
[EventCountry "PUR"]
[SourceTitle "EXT 2008"]
[Source "ChessBase"]
[SourceDate "2007.11.25"]
[SourceVersion "1"]
[SourceVersionDate "2007.11.25"]
[SourceQuality "1"]

1. d4 d5 2. c4 c6 3. Nf3 Nf6 4. Nc3 e6 5. Bg5 dxc4 6. e4 b5 7. e5 h6 8. Bh4 g5 9. Nxg5 hxg5 10. Bxg5 Nbd7 11. g3 Bb7 12. Bg2 Qb6 13. exf6 0-0-0 14. 0-0 c5 15. d5 b4 16. Na4 1/2-1/2

[Event "PUR-ch"]
[Site "Caguas"]
[Date "2006.03.25"]
[Round "5"]
[White "Lamastus Candal, Jean Paul"]
[Black "Campiz Jimenez, Leonardo"]
[Result "1/2-1/2"]
[WhiteElo "2151"]
[BlackElo "2168"]
[PlyCount "76"]
[EventDate "2006.03.17"]
[EventType "swiss"]
[EventRounds "9"]
[EventCountry "PUR"]
[SourceTitle "EXT 2008"]
[Source "ChessBase"]
[SourceDate "2007.11.25"]
[SourceVersion "1"]
[SourceVersionDate "2007.11.25"]
[SourceQuality "1"]

1. e4 c5 2. Nf3 Nc6 3. d4 cxd4 4. Nxd4 g6 5. c4 Nf6 6. Nc3 d6 7. Be2 Nxd4 8. Qxd4 Bg7 9. Be3 0-0 10. Qd2 Be6 11. 0-0 Qa5 12. f3 Rfc8 13. Rfc1 a6 14. Rab1 Qb4 15. a3 Qa5 16. b4 Qxa3 17. Ra1 Qxb4 18. Ra4 Nxe4 19. Rxb4 Nxd2 20. Bxd2 b5 21. cxb5 axb5 22. Rxb5 Ra3 23. Nb1 Bd4+ 24. Kf1 Rxc1+ 25. Bxc1 Ra1 26. Bd3 Ba2 27. Rb8+ Kg7 28. Bb2 Bxb2 29. Rxb2 Bxb1 30. Bxb1 h5 31. Kf2 Ra7 32. Re2 e6 33. h4 Ra4 34. g3 Kf6 35. Ke3 Rb4 36. Bc2 Rb2 37. Rd2 Ra2 38. g4 Ke5 1/2-1/2

[Event "PUR-ch"]
[Site "Caguas"]
[Date "2006.03.17"]
[Round "1"]
[White "Lamastus Candal, Jean Paul"]
[Black "Montalvo Rosario, Alejandro"]
[Result "1/2-1/2"]
[WhiteElo "2151"]
[BlackElo "2386"]
[PlyCount "95"]
[EventDate "2006.03.17"]
[EventType "swiss"]
[EventRounds "9"]
[EventCountry "PUR"]
[SourceTitle "EXT 2008"]
[Source "ChessBase"]
[SourceDate "2007.11.25"]
[SourceVersion "1"]
[SourceVersionDate "2007.11.25"]
[SourceQuality "1"]

1. e4 e6 2. d4 d5 3. Nc3 Nc6 4. Nf3 Nf6 5. e5 Ne4 6. a3 Be7 7. Bd3 Nxc3 8. bxc3 Na5 9. 0-0 h6 10. Nd2 c5 11. Rb1 c4 12. Be2 Bd7 13. f4 Qc7 14. g4 g6 15. Bf3 0-0-0 16. Bg2 h5 17. g5 Ba4 18. Rf2 Nc6 19. Nf1 Qa5 20. Qd2 a6 21. Ne3 Rd7 22. Nd1 Na7 23. Ra1 Bc6 24. Bb2 b5 25. Ne3 Rb7 26. Rff1 Qb6 27. Rfb1 a5 28. Nd1 Kd7 29. Bf3 Qc7 30. Bc1 Rb6 31. Bg2 Qb7 32. Bf3 Kc7 33. Bg2 Rb8 34. Bf3 b4 35. axb4 axb4 36. cxb4 Bxb4 37. Rxb4 Rxb4 38. Ba3 Nc8 39. Bxb4 Qxb4 40. Nc3 Qb2 41. Ra2 Qb4 42. Ra1 Qb6 43. Kf1 Ne7 44. Rb1 Qa7 45. Rxb8 Qxb8 46. Ne2 Qb6 47. Qc3 Nf5 48. Bg2 1/2-1/2

[Event "World op 33rd"]
[Site "Philadelphia"]
[Date "2005.06.29"]
[Round "2"]
[White "Lamastus Candal, Jean Paul"]
[Black "Coraretti, Benjamin J"]
[Result "0-1"]
[WhiteElo "2105"]
[BlackElo "1887"]
[PlyCount "84"]
[EventDate "2005.06.??"]
[EventType "swiss"]
[EventRounds "9"]
[EventCountry "USA"]
[SourceTitle "EXT 2006"]
[Source "ChessBase"]
[SourceDate "2005.11.24"]
[SourceVersion "1"]
[SourceVersionDate "2005.11.24"]
[SourceQuality "1"]

1. e4 e5 2. Nf3 Nc6 3. Bc4 Bc5 4. b4 Bxb4 5. c3 Bc5 6. 0-0 d6 7. d4 exd4 8. cxd4 Bb6 9. h3 Nge7 10. Ng5 d5 11. Bxd5 Nxd5 12. exd5 Qxd5 13. Re1+ Be6 14. Nc3 Qxd4 15. Nxe6 fxe6 16. Rxe6+ Kf7 17. Re4 Qxd1+ 18. Nxd1 Rhe8 19. Rxe8 Rxe8 20. Be3 Nb4 21. Kf1 Nc2 22. Rc1 Bxe3 23. Rxc2 Bb6 24. Ne3 Bxe3 25. Rxc7+ Re7 26. Rxe7+ Kxe7 27. fxe3 b5 28. Ke2 Kd6 29. Kd3 Ke5 30. Kc3 a5 31. Kd3 g5 32. g3 Kd5 33. h4 gxh4 34. gxh4 h5 35. e4+ Ke5 36. a3 b4 37. axb4 axb4 38. Kc4 Kxe4 39. Kxb4 Kf4 40. Kc4 Kg4 41. Kd4 Kxh4 42. Ke4 Kg3 0-1

[Event "Foxwoods op 07th"]
[Site "Mashantucket"]
[Date "2005.03.27"]
[Round "9"]
[White "Lamastus Candal, Jean Paul"]
[Black "Davis, Loal W"]
[Result "1/2-1/2"]
[WhiteElo "2105"]
[BlackElo "2141"]
[PlyCount "45"]
[EventDate "2005.03.23"]
[EventType "swiss"]
[EventRounds "9"]
[EventCountry "USA"]
[SourceTitle "CBM 105 Extra"]
[Source "ChessBase"]
[SourceDate "2005.05.01"]
[SourceVersion "1"]
[SourceVersionDate "2005.05.01"]
[SourceQuality "1"]

1. e4 e5 2. Nf3 Nc6 3. Bc4 Nf6 4. Ng5 d5 5. exd5 Na5 6. Bb5+ c6 7. dxc6 bxc6 8. Be2 h6 9. Nf3 e4 10. Ne5 Bd6 11. d4 exd3 12. Nxd3 Qc7 13. b3 0-0 14. Bb2 Ne4 15. Nc3 Bf5 16. h3 Rfe8 17. 0-0 Rad8 18. Nxe4 Bxe4 19. Bf3 f5 20. Re1 Nb7 21. Kh1 c5 22. Bxe4 fxe4 23. Qh5 1/2-1/2